Lover Awakened/ (Record no. 8373)
[ view plain ]
| 000 -LEADER | |
|---|---|
| fixed length control field | 00450nam a2200145 4500 |
| 008 - FIXED-LENGTH DATA ELEMENTS--GENERAL INFORMATION | |
| fixed length control field | 151012b xxu||||| |||| 00| 0 eng d |
| 020 ## - INTERNATIONAL STANDARD BOOK NUMBER | |
| International Standard Book Number | 0451219368 |
| 050 ## - LIBRARY OF CONGRESS CALL NUMBER | |
| Classification number | SPE PS 3623 .A85W37 2006 |
| 100 ## - MAIN ENTRY--PERSONAL NAME | |
| Personal name | Ward, J. R. |
| Dates associated with a name | 2006. |
| 245 ## - TITLE STATEMENT | |
| Title | Lover Awakened/ |
| Statement of responsibility, etc. | J. R. Ward. |
| 260 ## - PUBLICATION, DISTRIBUTION, ETC. (IMPRINT) | |
| Place of publication, distribution, etc. | USA: |
| Name of publisher, distributor, etc. | A signet eclipse book, |
| Date of publication, distribution, etc. | 2006. |
| 300 ## - PHYSICAL DESCRIPTION | |
| Extent | 448 p. |
| 650 ## - SUBJECT ADDED ENTRY--TOPICAL TERM | |
| Topical term or geographic name as entry element | English fiction. |
| 942 ## - ADDED ENTRY ELEMENTS (KOHA) | |
| Source of classification or shelving scheme | |
| Koha item type | Hard Covered Materials |
| Classification part | SPE PS 3623 .A85W37 2006 |
| Koha issues (borrowed), all copies | 4 |
| Withdrawn status | Lost status | Source of classification or shelving scheme | Damaged status | Not for loan | Home library | Current library | Date acquired | Source of acquisition | Total Checkouts | Full call number | Barcode | Date last seen | Date last checked out | Price effective from | Koha item type |
|---|---|---|---|---|---|---|---|---|---|---|---|---|---|---|---|
| MACHAKOS UNIVERSITY LIBRARY | MACHAKOS UNIVERSITY LIBRARY | 12/10/2015 | Donation(B.F.A) | 8 | SPE PS 3623 .A85W37 2006 | 11969 | 26/09/2024 | 19/09/2024 | 12/10/2015 | Special Collection |